Statistics for Foods & Beverages older than you are

Click here to take the quiz!

General Stats

  • This quiz has been taken 15 times
  • The average score is 8 of 20

Answer Stats

HintAnswer% Correct
1891 Chicago chewing gum productsWrigley gum
86%
1897 Desert- Bill Cosby did commercialsJello
79%
1821 Used on steaksA-1
64%
1886 Invented by a pharmacistCoca-Cola
64%
1872 Popular coffeeFolgers
64%
1872 Doughboy was a mascotPillsbury
64%
1937 Popular product in HawaiiSpam
57%
1795 Bourbon whiskeyJim Beam
50%
1918 Cheese product can be made into a dipVelveeta
50%
1869 Original product was horseradishHeinz
43%
1903 Wheat crackerTriscuit
43%
1867 Company makes baking powderArm & Hammer
36%
1824 Easter eggs later became a popular itemCadbury
29%
1877 Hot cereal productsQuaker Oats
29%
1868 Sometimes put on eggs- not catsupTabasco
29%
1814 Their original mustard was was dryColeman
21%
1894 Pennsylvania- sold in liquid or solid formHershey chocolate
7%
1790 Long time flour productsKing Arthur
7%
1897 "Tastes like wild hickory nuts"Post grape nuts
7%
1706 Tea company started in LondonTwinings
0%

Score Distribution

Percentile by Number Answered

Percent of People with Each Score

Your Score History

You have not taken this quiz